The hermit of Warkworth : a Northumberland ballad. In three fits or cantos.

Bibliographic Details
Main Author: Percy, Thomas, 1729-1811
Format: eBook
Language:English
Edition:A new edition with additions.
Series:Eighteenth century collections online.
Online Access:Full text online

MARC

Tag First Indicator Second Indicator Subfields
LEADER 00000cam a2200000 4500
001 in00001925456
006 m | d |
007 cr |n||||||||n
008 800225s1782 enk|||| s 00||||eng d
005 20260414165928.1
035 |a (CStRLIN)ESTCT96341 
040 |a Uk-ES  |c Uk-ES  |d CStRLIN  |d Thomson Gale  |d UtOrBLW 
100 1 |a Percy, Thomas,  |d 1729-1811. 
245 1 4 |a The hermit of Warkworth :  |b a Northumberland ballad. In three fits or cantos. 
250 |a A new edition with additions. 
264 3 |a London :  |b printed for T. Evans,  |c 1782. 
300 |a 6 unnumbered pages, 47, 1 unnumbered page :  |b illustrations ;  |c 4⁰. 
336 |a text  |b txt  |2 rdacontent 
337 |a computer  |b c  |2 rdamedia 
338 |a online resource  |b cr  |2 rdacarrier 
500 |a Anonymous. By Thomas Percy. 
500 |a Reproduction of original from the British Library. 
510 4 |a English Short Title Catalog,  |c ESTCT96341. 
533 |a Electronic reproduction.  |b Farmington Hills, Mich. :  |c Thomson Gale,  |d 2003.  |n Available via the World Wide Web.  |n Access limited by licensing agreements  |7 s2003 miunns 
500 |a Electronic resource. 
830 0 |a Eighteenth century collections online. 
856 4 0 |u http://proxy.library.tamu.edu/login?url=https://galenet.galegroup.com/servlet/ECCO?c=1&stp=Author&ste=11&af=BN&ae=T096341&tiPG=1&dd=0&dc=flc&docNum=CW113763312&vrsn=1.0&srchtp=a&d4=0.33&n=10&SU=0LRK&locID=txshracd2898  |z Full text online  |t 0 
999 |a MARS 
999 f f |s 7093d8bc-e227-3aed-b5cd-8d363a8fa8be  |i 913bfef2-ef45-3128-a10f-94057b6040ff  |t 0 
952 f f |a Texas A&M University  |b College Station  |c Electronic Resources  |s www_evans  |d Available Online  |t 0  |h No information provided 
998 f f |t 0  |l Available Online